Kass János kiállítása
Elmentve itt :
| Szerző: | |
|---|---|
| Dokumentumtípus: | Cikk |
| Megjelent: |
1967-03-14
|
| Sorozat: | Délmagyarország
57 No. 62 |
| Kulcsszavak: | Kass János, Képzőművészet kiállítás Szeged 1967, műgyűjtők kiállítása |
| Online Access: | http://dmarchiv.bibl.u-szeged.hu/77129 |
| LEADER | 00509nab a2200157 i 4500 | ||
|---|---|---|---|
| 001 | delm77129 | ||
| 005 | 20180928084324.0 | ||
| 008 | 180928s1967 hu o 0|| hun d | ||
| 040 | |a SZTE Délmagyarország Archívum |b hun | ||
| 041 | |a hun | ||
| 100 | 1 | |a Kulka Eszter | |
| 245 | 1 | 0 | |a Kass János kiállítása |h [elektronikus dokumentum] / |c Kulka Eszter |
| 260 | |c 1967-03-14 | ||
| 300 | |a 5 | ||
| 490 | 0 | |a Délmagyarország |v 57 No. 62 | |
| 695 | |a Kass János, Képzőművészet kiállítás Szeged 1967, műgyűjtők kiállítása | ||